000 00593nam a2200217Ia 4500
003 OSt
005 20220923230913.0
006 a|||||r|||| 00| 0
007 ta
008 Pun
024 _a306,336
037 _cTextual
040 _aARTS
_cARTS
_bPun
041 _2Pun
_aPun
082 _aO157,3M30,1, 153L6
100 _aਬੰਧੋਪਾਧਿਆਏ, ਅਤੀਨ
245 0 _aਨੀਲਕੰਠ ਪੰਖੀ ਦੀ ਭਾਲ
260 _c1976
942 _hO157,3M30,1, 153L6
_cTEXL
_2CC
999 _c388122
_d388122